General Knowledge #47 - Statistics

General Stats
  • This quiz has been taken 91 times
  • The average score is 12 of 20
Answer Stats
Question Answer % Correct
Whose nose grew longer every time he lied? Pinocchio
98%
Which country is shaped like a boot? Italy
92%
True or false. An Ostrich's eye is bigger than its brain? True
92%
Which bird is a symbol of peace? Dove
91%
How many days are in a fortnight? 14
88%
How many strings does a violin have? 4
87%
Bohemian Rhapsody is a song by which band? Queen
86%
How many years are in a bicentennial? 200
81%
What colour is absinthe? Green
74%
Which fictional city is the home of Batman? Gotham city
70%
When did the Chernobyl disaster occur? 1986
63%
Who played Mary Poppins in the 1964 film Mary Poppins? Julie Andrews
56%
Which blood type is known as the universal donor? O Negative
38%
If a religion is polytheistic, what does it have? Multiple gods
36%
What kind of bulbs were once exchanged as currency? Tulips
34%
What percentage of the world's surface is water? 71%
29%
How many states are there in India? 29
24%
The Velvet Revolution occurred in which country? Czechoslovakia
15%
The person who compiles a dictionary is a what? Lexicographer
15%
Joan of Arc was burned at the stake in which year? 1431
6%
No matching quizzes found
Score Distribution
Percent of People with Each Score
Percentile by Number Answered
Your Score History
You have not taken this quiz